000 00507nam a2200157Ia 4500
008 240729s9999 xx 000 0 und d
022 _a2735-4237
245 0 _aAswan University Journal of Environmental Studies
260 _aEgypt
260 _bUnit of Environmental Studies and Development, Aswan University
650 _a Environmental sciences
650 _aGeography. Anthropology. Recreation
856 _uhttps://doaj.org/toc/154a2a82b5b64c618870486d0e4b8976
942 _2ddc
942 _cDOAJEJ
999 _c66229
_d66229
945 _a1
_bMadushi Gamage
_c1
_dMadushi Gamage